000 00334nam a2200145 a 4500
008 000815s1967||||xx 0 und c
040 _aSNK
_bslo
_cSNK
_eAACR2
100 1 _aDE Kruif, Paul
245 1 0 _aMužský hormón
260 _aBratislava
_bObzor
_c1967
300 _a224 s.
020 _c20
044 _axo
_cSK
041 _aslo
999 _c12005
_d12005